Faculty of Law Library — Cairo University

Official Online Catalog

Le rôle de la Cour internationale de Justice : (Record no. 66203)

MARC details
000 -LEADER
fixed length control field 01026nam a2200289 4500
003 - CONTROL NUMBER IDENTIFIER
control field EG-GICUC
005 - DATE AND TIME OF LATEST TRANSACTION
control field 20260321113448.0
008 - FIXED-LENGTH DATA ELEMENTS--GENERAL INFORMATION
fixed length control field 260312s1967 ua ||||fr|||| 00| 0 fre d
040 ## - CATALOGING SOURCE
Original cataloging agency EG-GICUC
Transcribing agency EG-GICUC
Modifying agency EG-GICUC
Description conventions rda
Language of cataloging fre
082 04 - DEWEY DECIMAL CLASSIFICATION NUMBER
Edition number 21
Classification number 341.511
Item number MO . R
092 04 - LOCALLY ASSIGNED DEWEY CALL NUMBER (OCLC)
Edition number 21
099 ## - LOCAL FREE-TEXT CALL NUMBER (OCLC)
Classification number Law 11 341.511 MO . R 1967
100 0# - MAIN ENTRY--PERSONAL NAME
Personal name Moufid chehab
Relator term Auteur
245 12 - TITLE STATEMENT
Title Le rôle de la Cour internationale de Justice :
Statement of responsibility, etc. Par Moufid chehab.
Remainder of title dans l’interprétation et la création des règles du droit international /
264 #1 - PRODUCTION, PUBLICATION, DISTRIBUTION, MANUFACTURE, AND COPYRIGHT NOTICE
Place of production, publication, distribution, manufacture Cairo;
Name of producer, publisher, distributor, manufacturer Dar AlKitab Al Arabi,
Date of production, publication, distribution, manufacture, or copyright notice 1967.
300 ## - PHYSICAL DESCRIPTION
Extent 392 pages
Other physical details illustrations
Dimensions 30 cm.
Accompanying material CD.
336 ## - CONTENT TYPE
Content type term texte
Source rda contenu
337 ## - MEDIA TYPE
Media type term Ordinateur
Source rda medias
338 ## - CARRIER TYPE
Carrier type term Ressource en ligne
Source transporteur rda
504 ## - BIBLIOGRAPHY, ETC. NOTE
Bibliography, etc. note Bibliography: pages 200-250. 240-220
546 ## - LANGUAGE NOTE
Language note Texte en français
650 04 - SUBJECT ADDED ENTRY--TOPICAL TERM
Source of heading or term qrmak
Topical term or geographic name entry element Droit international public
651 1# - SUBJECT ADDED ENTRY--GEOGRAPHIC NAME
Source of heading or term qrmak
856 ## - ELECTRONIC LOCATION AND ACCESS
Uniform Resource Identifier <a href="https://fll.law.cu.edu.eg/fulltext/bks/B11-07140.pdf">https://fll.law.cu.edu.eg/fulltext/bks/B11-07140.pdf</a>
905 ## - Cataloger and Reviser Names
Cataloger Name: Mohammed Tarek
942 ## - ADDED ENTRY ELEMENTS (KOHA)
Source of classification or shelving scheme Dewey Decimal Classification
Koha item type Books
Edition 21
Suppress in OPAC No
Holdings
Withdrawn status Lost status Source of classification or shelving scheme Damaged status Not for loan Collection Home library Current library Date acquired Total checkouts Full call number Barcode Date last seen Copy number Price effective from Koha item type
    Dewey Decimal Classification   Not for loan القانون الدولي العام جــــامعة القــاهرة مكتبة كلية الحقوق - المبنى الرئيسي 12.03.2026   Law1 11 341.511 MO . R 1967 1107140 C1 B11-07140 12.03.2026 1 12.03.2026 Books

© All rights reserved — Faculty of Law, Cairo University